| 000 | 00775nam a2200253Ia 4500 | ||
|---|---|---|---|
| 003 | OSt | ||
| 005 | 20220925204810.0 | ||
| 006 | a|||||r|||| 00| 0 | ||
| 007 | ta | ||
| 008 | 220923b |||||||| |||| 00| 0 eng d | ||
| 020 |
_a818878950X _c255 |
||
| 037 |
_b889, 18/03/2013, Pranami Book Service _cGeneral Book |
||
| 040 |
_aRTL _cRTL _beng |
||
| 041 |
_2eng _aeng |
||
| 082 | _aY73(Q7):3(X).2, P6 | ||
| 100 |
_aKHALIDI Omar _9137438 |
||
| 245 | 0 | _aMuslims in Indian economy. | |
| 260 |
_aGurgaon _bThree Essays Collective _c2006 |
||
| 300 |
_axi, 240p. _ccm. |
||
| 500 | _aAppendix: p 230-240 | ||
| 650 | _aSociology | ||
| 942 |
_hY73(Q7):3(X).2, P6 _cGB _2CC |
||
| 999 |
_c550441 _d550441 |
||